| 000 | 00500nam a22001697a 4500 | ||
|---|---|---|---|
| 999 |
_c194804 _d194804 |
||
| 005 | 20230120123716.0 | ||
| 010 | _aUR-11847 | ||
| 020 |
_a9789391721046 _c120.00 |
||
| 035 | _aU-10402 | ||
| 037 | _bDBAD/PUB | ||
| 082 | _a842 | ||
| 245 |
_aذکر شہر یاراں / _cشاہد رشید |
||
| 246 |
_aZikr-e-Shahar Yaran / _bcompiled by Shahid Rasheed |
||
| 260 |
_aAmravati _bPanchayat Samiti _c2021 ء |
||
| 300 |
_a184 ص _c21cm(pbk) |
||
| 942 |
_2ddc _cUR _mذ ک ر _e _h842 |
||